000 00519nam a2200193 a 4500
001 1766480581706
003 YourLibrary
005 20251226120327.0
008 251223s2006##################000#0#eng##
020 _a9780199288779
082 0 4 _a281.032
_bHAM
100 1 _aHamilton, Alastair,
_eauthor.
245 1 0 _aThe Copts and the West, 1439-1822 :
260 _bOxford University Press, USA,
_c2006.
300 _a355 pages
650 0 _aHistory.
942 _cENGLISH
040 _aYourLibrary
_beng
_cYourLibrary
999 _c605152
_d605152